Constituição federal para concursos / (Record no. 1007)

MARC details
000 -LÍDER
Campo Fixo de Controle 01076nam a2200253 a 4500
001 - NÚMERO DE CONTROLE
Campo de Controle 1007
003 - IDENTIFICAÇÃO DO NÚMERO DE CONTROLE
Campo de Controle BR-CuiBMT
005 - DATA E HORA DA ÚLTIMA ATUALIZAÇÃO
Campo de Controle 20231205183331.0
008 - DADOS FIXOS
Dados Fixos 231125s2015 baba 000 0 por d
020 ## - INTERNATIONAL STANDARD BOOK NUMBER
Nº do ISBN 9788544202494
040 ## - AGÊNCIA CATALOGADORA
Código da Agência Catalogadora BR-CuiBMT
Agência que transcreveu o registro BR-CuiBMT
080 ## - Nº DA CLASSIFICAÇÃO DECIMAL UNIVERSAL
Nº edição CDU 2007
Nº Class. CDU 342.4
090 ## - NÚMERO DE CHAMADA
Nº classificação 342.4
Cutter C972c
Ano/Edição 6. ed.
100 1# - ENTRADA PRINCIPAL -- AUTOR PESSOAL
Nome pessoal Cunha Júnior, Dirley da
245 10 - TÍTULO PRINCIPAL
Título principal Constituição federal para concursos /
Indicação de responsabilidade Dirley da Cunha Júnior ; Marcelo Novelino ; Colaborador: Renato Medrado Bonelli.
250 ## - EDIÇÃO
Edição 6. ed., rev., ampl. e atual.
260 ## - PUBLICAÇÃO, DISTRIBUIÇÃO, ETC.
Local de publicação Salvador :
Editora JusPodivm,
Data 2015.
300 ## - DESCRIÇÃO FÍSICA
N. páginas ou volumes 1044 p. :
Ilustrações il. color. ;
Dimensões 25 cm
500 ## - NOTAS GERAIS
Notas gerais Atualizada até Emenda Constitucional nº 84/2014. Súmula nº 515 do STJ. Súmula vinculante nº 37 do STF. Informativo n°551 do STJ. Informativo nº 769 do STF. Inclui as leis nºs 9.868/99, 9.882/99 e 12.562/2011, que regulamentam as ações de controle concentrado de constitucionalidade.
504 ## - NOTA DE BIBLIOGRAFIA, ETC.
Nota de bibliografia Inclui bibliografia.
650 ## - ASSUNTO TÓPICO
Cabeçalho tópico ou nome geográfico Constituição federal
700 1# - ENTRADA SECUNDÁRIA -- NOME PESSOAL
Nome pessoal Novelino, Marcelo
Datas associadas ao nome 1972-
942 ## - ELEMENTOS DE ENTRADA ADICIONAIS (KOHA)
Fonte de classificação ou esquema de arquivamento Classificação Decimal Universal
Tipo de item do Koha Livros
Holdings
Estado: removido Estado: perdido Fonte de classificação ou esquema de arquivamento Estado: danificado Indisponível para empréstimo Localização permanente Localização atual Data de aquisição Total Checkouts Número de Chamada completo Código de barras Date last seen Número do exemplar Preço efetivo a partir de Tipo de item (Koha)
    Classificação Decimal Universal     Biblioteca da Escola Superior de Contas do TCE/MT Biblioteca da Escola Superior de Contas do TCE/MT 25/11/2023   342.4 C972c 6. ed. BIBTCEMT23111091 25/11/2023 Ex. 1 25/11/2023 Livros

Powered by Koha